<?xml version="1.0" encoding="UTF-8"?>
<record
    xmlns:xsi="http://www.w3.org/2001/XMLSchema-instance"
    xsi:schemaLocation="http://www.loc.gov/MARC21/slim http://www.loc.gov/standards/marcxml/schema/MARC21slim.xsd"
    xmlns="http://www.loc.gov/MARC21/slim">

  <leader>00196nam a2200085   4500</leader>
  <controlfield tag="001">1255671</controlfield>
  <controlfield tag="005">20251211111123.0</controlfield>
  <datafield tag="245" ind1=" " ind2=" ">
    <subfield code="a">&#x130;Y&#x130;L&#x130;K T&#x130;M&#x130; </subfield>
    <subfield code="c">MET&#x130;N &#xD6;ZDAMARLAR</subfield>
  </datafield>
  <datafield tag="260" ind1=" " ind2=" ">
    <subfield code="b">T&#x130;MA&#x15E; YAYINLARI</subfield>
  </datafield>
  <datafield tag="999" ind1=" " ind2=" ">
    <subfield code="c">1255671</subfield>
    <subfield code="d">1255671</subfield>
  </datafield>
  <datafield tag="952" ind1=" " ind2=" ">
    <subfield code="0">0</subfield>
    <subfield code="1">0</subfield>
    <subfield code="2">ddc</subfield>
    <subfield code="4">0</subfield>
    <subfield code="7">0</subfield>
    <subfield code="a">1005</subfield>
    <subfield code="b">1005</subfield>
    <subfield code="d">2025-12-11</subfield>
    <subfield code="l">1</subfield>
    <subfield code="p">10058143</subfield>
    <subfield code="r">2025-12-24 08:51:01</subfield>
    <subfield code="s">2025-12-23</subfield>
    <subfield code="w">2025-12-11</subfield>
    <subfield code="y">BK</subfield>
  </datafield>
</record>
